| 000 | 00802cam a22002531i 4500 | ||
|---|---|---|---|
| 001 | 6544860 | ||
| 003 | EG-ScBUE | ||
| 005 | 20230716104221.0 | ||
| 008 | 741018s1959 onc f 000 0 eng d | ||
| 035 | _a(OCoLC)1044617 | ||
| 040 |
_aDLC _beng _erda _cTxU-Da _dOCoLC _dUk _dDLC _dEG-ScBUE |
||
| 082 | 0 | 4 |
_a909.82 _bMCI _222 |
| 100 | 1 |
_aMcInnis, Edgar, _d1899- _eauthor. _99715 |
|
| 245 | 1 | 4 |
_aThe Atlantic triangle and the Cold War / _cEdgar McInnis. |
| 264 | 1 |
_aToronto : _bUniversity of Toronto Press, _c1959. |
|
| 300 |
_a163 pages ; _c24 cm |
||
| 336 |
_2rdacontent _atext _btxt |
||
| 337 |
_2rdamedia _aunmediated _bn |
||
| 338 |
_2rdacarrier _avolume _bnc |
||
| 650 | 7 |
_aWorld politics _y1955-1965. _2BUEsh _99716 |
|
| 655 | _vReading book | ||
| 942 |
_2ddc _cBB |
||
| 999 |
_c13000 _d13000 |
||